| 000 | 00556nam a2200157Ia 4500 | ||
|---|---|---|---|
| 005 | 20250714155853.0 | ||
| 008 | 250714s9999 xx 000 0 und d | ||
| 020 | _a9780747579625 | ||
| 082 |
_a940.27 _bBEL |
||
| 100 | _aBell, David Avrom | ||
| 245 | 4 | _aThe First Total War | |
| 260 |
_bBloomsbury Paperbacks _c2008 |
||
| 500 | _aIn the tradition of Simon Schama, David Bell, the historian, tells how the Enlightenment and the French Revolution spawned the first total war - and how this legacy haunts us today. | ||
| 650 | _aEurope | ||
| 942 | _cENGLISH | ||
| 999 |
_c575864 _d575864 |
||